000 00296nam a22001217a 4500
008 170601b xxu||||| |||| 00| 0 eng d
041 _aeng
080 _a94(4)
100 _a17
101 _aSHH
245 _aBEFORE THE DELUGE/ A PORTRAIT OF BERLIN IN THE 1920s
_cFRIEDRICH, O
942 _2udc
_cBK
999 _c15278
_d15278